Spoločenská hra ako pomôcka pre výučbu chémie

Salvato in:
Dettagli Bibliografici
Autore principale: Papp, Viktor (Autore)
Altri autori: Paliatka, Peter (Relatore della tesi)
Natura: Manoscritto Libro
Lingua:slovacco
Pubblicazione: 2025
Soggetti:
Accesso online:http://is.stuba.sk/zp/portal_zp.pl?podrobnosti=186190
Tags: Aggiungi Tag
Nessun Tag, puoi essere il primo ad aggiungerne!!

MARC

LEADER 00000ntm a22000003a 4500
001 stuzp105198
003 SK-STU
005 20250607211253.4
007 ta
008 150427s2015----xo-----f-mn---000-0-slo-d
040 |a STU  |b slo 
041 0 |a slo 
100 1 |a Papp, Viktor  |u 059190  |4 aut  |U FAD Fakulta architektúry a dizajnu  |T FAD Ústav dizajnu  |X 105763  |U A9190  |Y 400  |7 105763 
242 0 1 |a Board game as a tool for teaching chemistry  |y eng 
245 1 0 |a Spoločenská hra ako pomôcka pre výučbu chémie 
260 |c 2025 
650 4 |a Game design  |2 eng 
650 4 |a Education  |2 eng 
650 4 |a Board game  |2 eng 
650 4 |a Herný dizajn  |2 slo 
650 4 |a Stolová hra  |2 slo 
650 4 |a Edukácia  |2 slo 
700 1 |a Paliatka, Peter  |4 ths  |X 332  |7 A000000332 
856 4 |u http://is.stuba.sk/zp/portal_zp.pl?podrobnosti=186190